LEADER 01622nam a2200373 a 4500 001 000000130824 003 CaOOAMICUS 005 20121009113039.0 008 121009s2010 it d u000 u ita r 020 $a978-88-386-6683-4 040 $aPUL$bita 041 1 $aita$heng 082 04$a330 100 1 $aBrue, Stanley L.$0(OLS)http://pul/name/83862 240 10$aEssential of economics.$lItaliano.$0(OLS)http://pul/title/60594 245 10$aEssenziale di economia /$cStanley L. Brue, Campbell R. McConnell, Sean M. Flynn ; a cura di Anna Soci. 260 $aMilano :$bMcGraw-Hill,$c©2010. 300 $aXXXI, 372, G15, 18 p. :$bgrafici ;$c27 cm. 490 1 $aCollana di istruzione scientifica$aSerie di economia 500 $aInclude glossario ed indici. 500 $aSul dorso: 6683-4. 650 4$aEconomia$ySec. XXI.$0(OLS)http://pul/subject/33857 700 1 $aMcConnell, Campbell R.$0(OLS)http://pul/name/83859 700 1 $aSoci, Anna.$0(OLS)http://pul/name/83860 700 1 $aFlynn, Sean M.$0(OLS)http://pul/name/83861 830 0$aCollana di istruzione scientifica$pSerie di economia.$0(OLS)http://pul/title/137266 850 $aPUL 852 $aPUL$W1$xSL Diritto e Scienze Sociali 3$y79$m330 BRUST 1$j151227$qDDC 21$B149969$CPULBib$Z2$F149969 $H120841 $82 941 1 $a9 996 $6020$a978-88-386-6683-4$9(OLS)http://pul/number/150811 996 $6082$a330$9(OLS)http://pul/classification/362 996 $6245$aEssenziale di economia$9(OLS)http://pul/title/165332 996 $6260$aMilano :$bMcGraw-Hill$9(OLS)http://pul/publisher/79592 LEADER 01082nam a2200277 u 4500 001 000000057853 003 CaOOAMICUS 005 20070226120628.0 008 010517s1975 it u000 u ita u 035 $a10889350 040 $aPUL(R)$bita 041 1 $aita$hger 100 1 $aPannenberg, Wolfhart,$d1928-2014.$0(OLS)http://pul/name/12788 240 10$aChristentum und Gesellschaft.$lItaliano.$0(OLS)http://pul/title/77458 245 10$aCristianesimo e societą /$cWolfhart Pannenberg. 260 $aBrescia :$bQueriniana,$cc1975. 300 $a46 p. ;$c21 cm 490 1 $aMeditazioni 650 4$aCristianesimo e societą.$0(OLS)http://pul/subject/1182 830 0$aMeditazioni (Queriniana) ;$v18.$0(OLS)http://pul/title/45180 850 $aPUL 852 $aPUL$W1$xSL Religione 1$y3$m61 D 22$j75591$nBK-PRI$b $qStampati$B75591$CPULBib$Z2$F75591 $H $81 941 1 $a8 961 $aINV: 70857 996 $6245$aCristianesimo e societą$9(OLS)http://pul/title/77459 996 $6260$aBrescia :$bQueriniana$9(OLS)http://pul/publisher/47906